000 00927nam0a22002531 4500
001 rc\415364
005 20250621075829.0
010 _a5-02-028872-1
_91000
035 _a(NLR Aleph) 005663118
090 _a6894263
_c6894263
100 _a20030616d1988 |||y0rusy50 ca
101 0 _arus
102 _aRU
105 _aa |||||||||
200 1 _aБиоэкологические принципы лесной рекультивации
_fОтв. ред. С.С. Трофимов
_gАН СССР, Сиб. отд-ние, Ин-т почвоведения и агрохимии
210 _aНовосибирск
_cНаука. Сиб. отд-ние
_d1988
215 _a83, [2] с.
_cил.
_d22
320 _aБиблиогр.: с. 81-84
700 1 _aБаранник
_bЛ.П.
_gЛеонид Прокофьевич
801 0 _aRU
_bNLR
_gpsbo
801 1 _aRU
_bELAR
_2rusmarc
852 _aNLR
_j88-6/2002
942 _cBOOK
980 _aNB